000 005470000a22001810004500
003 MACL
005 20160512163117.0
008 160512b xxu||||| |||| 00| 0 eng d
040 _aMACL
_cMACL
041 _aHindi
082 _a891.431
100 _aसिंह, गुरचरण
_956514
245 _aमैं तुम और इतिहास
_cगुरचरण सिंह
260 _aदिल्‍ली
_bमदन बुक हाउस
_c2012
350 _a150
650 _aPoem
_927793
942 _cHIN
_k891.431/SIN
_2ddc
999 _c47281
_d47281